1119 1436 1325 1269 1672 1470 1464 1357 1893 1721 1342 1293 1439 1593 1936 1999 1684 1716 1822 1273 1164 1732 1064 1626 1460 1746 1001 1870 1627 1198 1614 1617 1631 1307 1317 1947 1325 1109 1767 1346 1082 1028 1129 1524 1361 1318 1920 1272 1268 1002 1161 1067 1626 1876 1912 1618 1313 1077 1544 1199 1325 1880 1454 1794 1733 1308 1744 1380 1553 1763 1478 1458 1026 1235 1137 1476 1953 1707 1509 1128 1295 1136 1813 1410 1774 1830 1553 1043 1824 1150 1713 1424 1984 1072 1630 1735 1638 1965 1388 BCNSPRNW ULIB Ver.6.0+V

เปลี่ยนเป็นภาษาไทย

Change to English
 แสดงรายละเอียดบรรณานุกรม
  กลับหน้าหลัก

Brief Record : Get Marc (ISO 2709) : E-mail record : QR code < ปิดหน้าต่าง
LEADER : 00000nam 2200000uu 4500
001    13399120150
003     ULIB
008    120905s2540||||th 000 0 tha d
020    ^a9748985792
060  0 ^aWY85.5^bส867ก
100 0  ^aสุรีย์ ธรรมิกบวร
245 10 ^aการบันทึกทางการพยาบาล /^cเรียบเรียงโดย สุรีย์ ธรรมิกบวร
250    ^aพิมพ์ครั้งที่ 2
260    ^aกรุงเทพฯ :^bโครงการสวัสดิการวิชาการ สถาบันพระบรมราชชนกกระทรวงสาธารณสุข,^c2540
300    ^a44 หน้า
650  7 ^aผู้ป่วย^xประวัติ
650  7 ^aบันทึกการพยาบาล
710 2  ^aสถาบันพระบรมราชชนก.^bโครงการสวัสดิการวิชาการ
945    ^p75^l0^i032710
945    ^p75^l0^i032711
945    ^p75^l0^i032712
945    ^p75^l0^i032713
945    ^p75^l0^i032714
995    ^aทศพร
999    ^aทศพร
รายการนี้ยังไม่มีแท็ก
คุณยังไม่ได้ล็อกอิน คุณสามารถมีกิจกรรมร่วมกับเว็บไซต์ได้ แต่ต้องล็อกอินก่อน ::
  ล็อกอิน

รายการสื่อสารสนเทศ

ลำดับที่ ประเภท เลขเรียก/บาร์โค้ด สถานที่ สถานะ
- ไม่พบข้อมูล -

รายการใกล้เคียง
    ผู้แต่ง [สุรีย์ ธรรมิกบวร]

    หัวเรื่อง [บันทึกการพยาบาล]

BibComment


ยังไม่เคยถูกคอมเมนท์

คอมเมนท์ทรัพยากรรายการนี้
  คอมเมนท์: การบันทึกทางการพ..


 Copyright 2026. Bcnsprnw @Library